[Event "Zonal 2.4 Absoluto 2013"]
[Site "Manaus BRA"]
[Date "2013.05.01"]
[Round "7.22"]
[White "Stone,Ronnie Frank Pires"]
[Black "Zallio,L"]
[Result "0-1"]
[WhiteElo "1993"]
[BlackElo "2116"]

1.d4 e6 2.c4 Nf6 3.g3 Bb4+ 4.Bd2 Be7 5.Bg2 d5 6.Nf3 O-O 7.O-O b6 8.Qc2 Bb7
9.b3 Nbd7 10.cxd5 exd5 11.Bc3 Re8 12.e3 Rc8 13.Nbd2 c5 14.Qb2 Ne4 15.Nxe4 dxe4
16.Nd2 Bf6 17.Rfc1 Qe7 18.Bh3 cxd4 19.Bxd4 Bxd4 20.Qxd4 Rxc1+ 21.Rxc1 Ne5
22.Qc3 Rd8 23.Nf1 Nf3+ 24.Kh1 Ba6 25.Qc6 g6 26.Bg4 Ne5  0-1

[Event "31st Liechtenstein Open 2013"]
[Site "Triesen LIE"]
[Date "2013.05.05"]
[Round "3.9"]
[White "Belezky,A"]
[Black "Mueller,Marku1"]
[Result "1-0"]
[WhiteElo "2463"]
[BlackElo "2167"]

1.d4 Nf6 2.c4 e6 3.g3 Bb4+ 4.Bd2 a5 5.Bg2 d6 6.Nf3 Nbd7 7.Nc3 e5 8.O-O O-O
9.Qc2 Re8 10.Rad1 c6 11.a3 Bxc3 12.Bxc3 Qc7 13.c5 dxc5 14.dxe5 Nd5 15.Ng5 Nxc3
16.Qxh7+ Kf8 17.bxc3 Qxe5 18.Ne4 Nf6 19.Qh8+ Ng8 20.f4 Qc7 21.f5 f6 22.g4 Re5
23.g5 Bxf5 24.gxf6 Bxe4 25.f7  1-0

[Event "Asian Zonal 3.1 2013"]
[Site "Doha QAT"]
[Date "2013.05.09"]
[Round "6.4"]
[White "Khader,Sam"]
[Black "Ali,L"]
[Result "1-0"]
[WhiteElo "2374"]
[BlackElo "2319"]

1.d4 Nf6 2.c4 e6 3.g3 Bb4+ 4.Nd2 O-O 5.Bg2 d6 6.Nf3 Qe7 7.O-O Bxd2 8.Bxd2 e5
9.c5 e4 10.cxd6 cxd6 11.Ne1 Nbd7 12.Nc2 Nd5 13.Ne3 N7b6 14.Nxd5 Nxd5 15.Qb3 Nb6
16.d5 Bd7 17.Be3 Na4 18.Rac1 b5 19.Rc7 Rfc8 20.Rxc8+ Rxc8 21.Bxa7 Qe5 22.e3 Rc4
23.Bd4 Qxd5 24.Qd1 Rc8 25.b3 Nc5 26.Bxc5 Qxc5 27.Bxe4 Be6 28.Qd3 g6 29.h4 d5
30.Bf3 Ra8 31.Qd2 b4 32.Rd1 Ra5 33.Qd4 Qc3 34.Rd2 h5 35.Kg2 Kh7 36.Kg1 Kg8
37.Kg2 Kh7 38.Kg1 Kg8 39.Bg2 Kh7 40.Bf1 Rc5 41.Rd3 Qc1 42.Rd1 Qc3 43.Bd3 Bg4
44.Qxc3 Rxc3 45.Rd2 Bf3 46.Bc2 Kg7 47.Kh2 Kf6 48.Bd1 Bxd1 49.Rxd1 Rc2 50.Kg2 Rxa2
51.Rd4 Rb2 52.Rxb4 Ke5 53.Rb6 f6 54.Rb8 Kf5 55.b4 Rb3 56.b5 Rb2 57.b6 g5
58.hxg5 fxg5 59.b7 Kg4 60.Rf8  1-0

[Event "VIII American Continental 2013"]
[Site "Cochabamba BOL"]
[Date "2013.05.14"]
[Round "10.11"]
[White "Gonzalez,Be CRC"]
[Black "Gemy,J"]
[Result "1-0"]
[WhiteElo "2461"]
[BlackElo "2320"]

1.d4 Nf6 2.c4 e6 3.g3 Bb4+ 4.Bd2 a5 5.Bg2 O-O 6.e4 d6 7.Ne2 c5 8.O-O Bxd2
9.Qxd2 e5 10.d5 Qe7 11.Nbc3 Ne8 12.f4 f6 13.f5 Bd7 14.a4 g5 15.h4 h6 16.Kf2 Na6
17.Rh1 Kg7 18.Rh2 Nec7 19.Rah1 Rh8 20.Bf3 Qf7 21.b3 Rag8 22.Nd1 b6 23.Ne3 Be8
24.Ng4 Qe7 25.hxg5 hxg5 26.Rh6 Rxh6 27.Rxh6 Rh8 28.Rxf6 Qxf6 29.Nxf6 Kxf6
30.Kg2 Nb8 31.Ng1 Nd7 32.Nh3 Rg8 33.Bd1 Nf8 34.Nf2 Nh7 35.Ng4+ Ke7 36.Nxe5 Nf6
37.Ng4 Nxg4 38.Bxg4  1-0

[Event "22nd TCh-CRO Cup 2013"]
[Site "Bol na Bracu CRO"]
[Date "2013.05.24"]
[Round "4.21"]
[White "Lalic,B"]
[Black "Palac,M"]
[Result "1/2-1/2"]
[WhiteElo "2493"]
[BlackElo "2562"]

1.d4 Nf6 2.c4 e6 3.g3 Bb4+ 4.Nd2 d5 5.Bg2 O-O 6.Nf3 dxc4 7.Qc2 Nc6 8.Qxc4 Qd5
9.O-O Bxd2 10.Qxd5 exd5 11.Bxd2  1/2-1/2

[Event "Icelandic Open Championship 2013"]
[Site "Reykjavik ISL"]
[Date "2013.06.04"]
[Round "6.4"]
[White "Gretarsson,Hj"]
[Black "Steindorsson,S"]
[Result "1-0"]
[WhiteElo "2516"]
[BlackElo "2234"]

1.d4 Nf6 2.c4 e6 3.g3 Bb4+ 4.Bd2 a5 5.Bg2 d5 6.Nf3 O-O 7.O-O Nc6 8.a3 Bxd2
9.Nbxd2 Ne4 10.Rc1 a4 11.e3 Bd7 12.Qc2 f5 13.b4 axb3 14.Qxb3 Na5 15.Qb2 Bc6
16.c5 Qe8 17.Rfe1 Bb5 18.Qb4 h6 19.Nxe4 fxe4 20.Ne5 Nc4 21.Nxc4 Bxc4 22.Rc3 Qf7
23.Qb2 Ra4 24.Rec1 Bd3 25.Bf1 Bxf1 26.Rxf1 Rb8 27.Rb3 b6 28.Ra1 Qf3 29.Re1 Rba8
30.cxb6 cxb6 31.Rc3 Qg4 32.Rec1 b5 33.h4 Rc4 34.Qxb5 Rxc3 35.Rxc3 Qd1+ 36.Qf1 Qd2
37.Rc6 Rxa3 38.Qh3 Qd1+ 39.Kh2 Qh5 40.Qxe6+ Kh7 41.Rc8 Qf3 42.Qg8+ Kg6 43.Rc6+  1-0

[Event "Grand Europe Open Albena"]
[Site "Albena BUL"]
[Date "2013.06.06"]
[Round "6.21"]
[White "Gupta,Ab"]
[Black "Gorbatov,A"]
[Result "1/2-1/2"]
[WhiteElo "2600"]
[BlackElo "2350"]

1.d4 Nf6 2.c4 e6 3.g3 Bb4+ 4.Bd2 Be7 5.Bg2 d5 6.Nf3 O-O 7.O-O b6 8.cxd5 Nxd5
9.e4 Nf6 10.Nc3 Bb7 11.Qc2 Na6 12.Rfd1 c5 13.Bg5 Nb4 14.Qb1 c4 15.Bxf6 Bxf6
16.e5 Be7 17.Ng5 Bxg5 18.Bxb7 Rb8 19.Be4 g6 20.h4 Bh6 21.h5 f5 22.Bg2 gxh5
23.d5 Nd3 24.Rxd3 cxd3 25.Qxd3 exd5 26.Nxd5 Bg7 27.e6 Qg5 28.Re1 Rfe8 29.e7 Rbc8
30.f4 Qg4 31.Kh2 h4 32.Re3 Rc1 33.gxh4 Qxh4+ 34.Rh3 Qg4 35.Qb5 Kf7 36.Qd3 Rxe7
37.Nxe7 Qxf4+ 38.Qg3 Qxg3+ 39.Rxg3 Be5 40.Nc6 Bxg3+ 41.Kxg3 a5 42.a4 Kf6
43.b4 Rc3+ 44.Kf2 Rc2+ 45.Kf1 axb4 46.Nxb4 Rb2 47.Nd3 Rd2 48.Ne1 h6 49.Bc6 f4
50.Nf3 Rb2 51.Bd7 Ke7 52.Bb5 Kd6 53.Ke1 Kd5 54.Nd2 Kd4 55.Bc6 Rc2 56.Bb5 h5
57.Be2 h4 58.Bd1 Rb2 59.Bg4 Kd3 60.Nf3 Rc2 61.Bd7 h3 62.Bxh3 Rc4 63.Bd7 Re4+
64.Kf2 Rb4 65.Ng5 Kd4 66.Kf3 Ke5 67.Kg4 b5 68.Bc6 Rb1 69.Kf3 bxa4 70.Bxa4 Rb2  1/2-1/2

[Event "Icelandic Open Championship 2013"]
[Site "Reykjavik ISL"]
[Date "2013.06.06"]
[Round "8.8"]
[White "Edvardsson,K"]
[Black "Steindorsson,S"]
[Result "0-1"]
[WhiteElo "2220"]
[BlackElo "2234"]

1.d4 Nf6 2.c4 e6 3.g3 Bb4+ 4.Bd2 Be7 5.Bg2 d5 6.Nf3 O-O 7.O-O c6 8.Qc2 b6
9.Bf4 Bb7 10.Nc3 dxc4 11.Rad1 Nd5 12.Bc1 Nd7 13.a3 c5 14.dxc5 Bxc5 15.Ne4 Qc7
16.Neg5 g6 17.e4 N5f6 18.Rfe1 Rfe8 19.Re2 h6 20.Nh3 Ng4 21.Nf4 Nde5 22.Ne1 Rad8
23.h3 Rxd1 24.Qxd1 Rd8 25.Qc2 Nxf2 26.Rxf2 Nd3 27.Nexd3 cxd3 28.Qd2 e5 29.Nd5 Bxd5
30.exd5 Bxf2+ 31.Kxf2 Rc8 32.d6 Qxd6 33.Ke1 Qc5  0-1

[Event "Portuguese Honra A 2013"]
[Site "Sintra POR"]
[Date "2013.06.08"]
[Round "1.5"]
[White "Silva,Mi3"]
[Black "Amoes,Francisco"]
[Result "1-0"]
[WhiteElo "2098"]
[BlackElo "1915"]

1.d4 Nf6 2.c4 e6 3.g3 Bb4+ 4.Bd2 c5 5.Bxb4 cxb4 6.Bg2 O-O 7.Nf3 d6 8.O-O Qe7
9.Qb3 Na6 10.a3 bxa3 11.Qxa3 Qc7 12.Nbd2 e5 13.e3 exd4 14.Nxd4 Qc5 15.Nb5 Nb4
16.Nb3 Nc2 17.Nxc5 Nxa3 18.Nxd6 Nc2 19.Ra4  1-0

[Event "2nd Grand Europe Open 2013"]
[Site "Golden Sands BUL"]
[Date "2013.06.10"]
[Round "1.3"]
[White "Voiska,M"]
[Black "Hracek,Z"]
[Result "0-1"]
[WhiteElo "2249"]
[BlackElo "2625"]

1.d4 Nf6 2.c4 e6 3.g3 Bb4+ 4.Bd2 a5 5.Bg2 d6 6.a3 Bxd2+ 7.Qxd2 O-O 8.Nc3 a4
9.Qc2 Qe8 10.Nf3 Ra5 11.h3 b6 12.Nd2 Nc6 13.e3 Bb7 14.O-O Qa8 15.f3 Ne7 16.e4 Nc6
17.Ne2 e5 18.d5 Ne7 19.f4 Nd7 20.h4 c6 21.Bh3 Bc8 22.h5 h6 23.Nf3 exf4 24.gxf4 Nf6
25.f5 cxd5 26.exd5 b5 27.cxb5 Rxb5 28.Nc3 Ra5 29.Kh2 Nexd5 30.Rg1 Ne3 31.Qf2 Nxf5
32.Raf1 Nxh5 33.Nd2 Ne7 34.Bg2 Qb8 35.Bf3 Qxb2 36.Rc1 Rf5  0-1

[Event "2nd Grand Europe Open 2013"]
[Site "Golden Sands BUL"]
[Date "2013.06.13"]
[Round "4.6"]
[White "Grigoryan,Av"]
[Black "Drenchev,P"]
[Result "1/2-1/2"]
[WhiteElo "2605"]
[BlackElo "2485"]

1.d4 Nf6 2.c4 e6 3.g3 Bb4+ 4.Bd2 Be7 5.Bg2 d5 6.Nf3 O-O 7.O-O c6 8.Bf4 Nbd7
9.Nc3 Nh5 10.Bd2 Nhf6 11.Bf4 Nh5 12.Bc1 Nhf6 13.b3 b6 14.Qc2 Ba6 15.Rd1 Rc8
16.Bf4 c5 17.dxc5 Bxc5 18.e3 h6 19.a3 Re8 20.Qb2 Bf8 21.Nb5 Bxb5 22.cxb5 g5
23.Be5 g4 24.Bxf6 Qxf6 25.Nd4 Ne5 26.Qe2 Rc3 27.b4 Rec8 28.Nc6 Nxc6 29.bxc6 R8xc6
30.Qxg4+ Bg7 31.Ra2 Rc2 32.Rxc2 Rxc2 33.Rf1 Qb2 34.Qf4 Qxa3 35.Bf3 Rc1 36.Qb8+ Bf8
37.Rxc1 Qxc1+ 38.Kg2 a5 39.Qa7 Qc3 40.Bh5 Qf6 41.bxa5 bxa5 42.Qxa5 Qf5 43.Bf3 Qc2
44.Qa8 Kg7 45.Qa1+ Kg8 46.Qf6 Bg7 47.Qd8+ Bf8 48.Qf6 Bg7 49.Qf4 Qc4 50.Qb8+ Bf8
51.h4 Qc2 52.Qf4 Qg6 53.e4 dxe4 54.Bxe4 Qh5 55.Qf6 Bg7 56.Qd8+ Bf8 57.Bh7+ Kg7
58.Be4  1/2-1/2

[Event "ch-FIN 2013"]
[Site "Mantta FIN"]
[Date "2013.06.14"]
[Round "5.4"]
[White "Luukkonen,T"]
[Black "Sipila,V"]
[Result "0-1"]
[WhiteElo "2267"]
[BlackElo "2411"]

1.d4 Nf6 2.c4 e6 3.g3 Bb4+ 4.Bd2 Be7 5.Bg2 d5 6.Nf3 O-O 7.O-O Nc6 8.Qc2 dxc4
9.Qxc4 Qd5 10.Qd3 Qf5 11.Qb3 Rd8 12.Bc3 Ne4 13.Nbd2 Nxd2 14.Bxd2 Nxd4 15.Nxd4 Rxd4
16.Bc3 Rd8 17.Rad1 Rf8 18.e4 Qc5 19.a3 e5 20.Rd5 Qc6 21.Bb4 Qb6 22.Rxe5 Bf6
23.Qc3 Bxe5 24.Qxe5 Rd8 25.Bc3 f6 26.Qf4 Be6 27.g4 Rd7 28.Re1 Rf8 29.h4 Rff7
30.Qf3 c5 31.Qg3 Qb3 32.Kh2 b5 33.Re3 Qc4 34.b4 cxb4 35.Bxb4 Qc7 36.e5 fxe5
37.Rxe5 a5 38.Bxa5 Qxa5 39.Rxe6 Qd2 40.Bf3 Rf8 41.Re3 Rd3 42.Bg2 Rxe3 43.fxe3 Re8
44.e4 Qb2 45.Qd3 Qe5+ 46.Kg1 Rc8 47.Qb3+ Kf8 48.Qb4+ Qc5+ 49.Qxc5+ Rxc5 50.Bf1 Ke7
51.Kf2 Ke6 52.Ke3 Ke5  0-1

[Event "Alushta Summer-2013-3"]
[Site "Alushta UKR"]
[Date "2013.06.15"]
[Round "3"]
[White "Kashtanov,R"]
[Black "Iljin,T"]
[Result "1/2-1/2"]
[WhiteElo "2338"]
[BlackElo "2410"]

1.d4 Nf6 2.c4 e6 3.g3 Bb4+ 4.Bd2 a5 5.Bg2 O-O 6.Qc2 d6 7.Nf3 Nc6 8.Nc3 e5
9.dxe5 Nxe5 10.Nxe5 dxe5 11.O-O c6 12.Rfd1 Qc7 13.Na4 Bxd2 14.Rxd2 Bg4 15.h3 Bh5
16.Rad1 Rad8 17.c5 Bg6 18.Qb3 Rxd2 19.Rxd2 e4 20.Nb6 h5 21.Qe3 Qe7 22.Qd4 Qe6
23.b3 Re8 24.e3 Kh7 25.Qd6 Qf5 26.a3 Re6 27.Qd4 Re5 28.b4 axb4 29.axb4 Nd5
30.Nc4 Re7 31.Nd6 Qe6 32.Kh2 Nf6 33.Bf1 Qb3 34.Kg2 Rd7 35.b5 cxb5 36.Rb2 Qe6
37.Bxb5 Rc7 38.Bc4 Qe7 39.Bd5 Nxd5 40.Qxd5 Qf6 41.Rxb7 Rxb7 42.Nxb7 Qf3+
43.Kf1 Qh1+ 44.Ke2 Qxh3 45.Nd6 Qg4+ 46.Ke1 h4 47.gxh4 Qg1+ 48.Ke2 Qg4+ 49.Kf1 Qh3+
50.Ke1 Qh1+ 51.Ke2 Qxh4 52.Qd4 f5 53.c6 Bh5+ 54.Kd2 Qxf2+ 55.Kc3 Qa2 56.Kb4 Qb1+
57.Kc5 Qc1+ 58.Kb6 Qb1+ 59.Ka7 Qa2+ 60.Kb7 Qb3+ 61.Ka7 Qa2+ 62.Kb6 Qb3+ 63.Kc5 Be2
64.c7 Ba6 65.Kc6 Qb1 66.Qb6 Qc2+ 67.Kd7 Qa4+ 68.Ke7 Qa1 69.Qc5 Qf6+ 70.Kd7 f4
71.Qh5+ Qh6 72.Qf5+ g6 73.Qa5 Qh3+ 74.Kc6 Qf1 75.Kb6 fxe3 76.Nxe4 e2 77.Ng5+ Kh6
78.Ne6 Qg1+ 79.Kxa6 e1=Q 80.Qxe1 Qxe1 81.c8=Q Qe2+ 82.Kb6 Qb2+ 83.Kc6 Qc3+
84.Nc5 Qf3+ 85.Kd6 Qf4+ 86.Ke7 Qg5+ 87.Ke8 Qe5+ 88.Ne6 Qh8+  1/2-1/2

[Event "8th Teplice Open 2013"]
[Site "Teplice CZE"]
[Date "2013.06.16"]
[Round "2.9"]
[White "Jedlicka,A"]
[Black "Krejci,Jan2"]
[Result "0-1"]
[WhiteElo "2231"]
[BlackElo "2503"]

1.d4 Nf6 2.c4 e6 3.g3 Bb4+ 4.Bd2 Qe7 5.Nf3 Nc6 6.Nc3 O-O 7.Bg2 b6 8.O-O Ba6
9.b3 Rac8 10.Re1 d5 11.cxd5 exd5 12.Qc2 Nd8 13.Nh4 Ne6 14.Nf5 Qd7 15.a3 Bxc3
16.Bxc3 Rfe8 17.Rad1 Ng5 18.Bb2 Rxe2 19.Rxe2 Bxe2 20.Nh6+ gxh6 21.Qxe2 Re8
22.Qc2 Qg4 23.Qd3 Qe2 24.h4 Qxd3 25.Rxd3 Re1+ 26.Bf1 Nge4 27.a4 Ng4 28.f3 Ngf2
29.Bc3 Rc1 30.Re3 Nd1 31.Bb2 Nxe3 32.Bxc1 Nxf1 33.fxe4 Nxg3 34.Bxh6 Nxe4
35.Kg2 f6 36.Kf3 Kf7 37.h5 Ng5+  0-1

[Event "HSG Open A 2013"]
[Site "Hilversum NED"]
[Date "2013.06.22"]
[Round "2.1"]
[White "Ernst,S"]
[Black "Van Foreest,Jorden"]
[Result "1-0"]
[WhiteElo "2594"]
[BlackElo "2273"]

1.d4 Nf6 2.c4 e6 3.g3 Bb4+ 4.Bd2 Be7 5.Bg2 O-O 6.d5 Re8 7.Nc3 exd5 8.cxd5 c6
9.Nf3 cxd5 10.O-O Nc6 11.Be3 d4 12.Nxd4 d5 13.Qa4 Bd7 14.Rad1 Rc8 15.Nxc6 bxc6
16.Qxa7 Ra8 17.Qb6 Qxb6 18.Bxb6 Bb4 19.Ra1 Bxc3 20.bxc3 Ra3 21.e3 Rea8 22.Bd4 Rxa2
23.Rxa2 Rxa2 24.Rb1 h5 25.Bxf6 gxf6 26.Rc1 Kg7 27.h4 Ra4 28.Bf1 Be6 29.Be2 Kg6
30.Kf1 Kh6 31.Ke1 Kg6 32.Bd1 Ra3 33.Bc2+ Kg7 34.Bd3 Ra4 35.Kd2 Kh6 36.Rc2 Kg7
37.Rb2 Ra3 38.e4 dxe4 39.Bxe4 c5 40.Rb5 Ra2+ 41.Ke3 f5 42.Bd3 f4+ 43.gxf4 c4
44.Bb1 Ra1 45.f5 Bd7 46.Rb6 Ra5 47.f6+ Kh6 48.Kf4 Ra8 49.Be4 Rc8 50.f3 Be6
51.Ra6 Rb8 52.Ra8 Rxa8 53.Bxa8 Bh3 54.Bd5 Kg6 55.Ke5 Bf1 56.f4  1-0

[Event "III Marcel Duchamp Boca Jun Op"]
[Site "Buenos Aires ARG"]
[Date "2013.06.23"]
[Round "3.46"]
[White "Escudero,Jose Maria"]
[Black "Gomez Camacho,Lilen"]
[Result "1/2-1/2"]
[WhiteElo "1680"]
[BlackElo "1526"]

1.d4 Nf6 2.c4 e6 3.g3 Bb4+ 4.Bd2 c5 5.Bxb4 cxb4 6.Bg2 O-O 7.Nf3 d6 8.O-O Nbd7
9.a3 Qb6 10.Qc2 Re8 11.axb4 Qxb4 12.Ra4 Qb6 13.Nbd2 e5 14.e3 Qc7 15.Rfa1 a6
16.b4 Rb8 17.R4a2 b6 18.Qb3 Bb7 19.Rc2 Rec8 20.Rac1 Ne4 21.d5 Nxd2 22.Nxd2 a5
23.bxa5 bxa5 24.Qa3 Nc5 25.Ra2 Ra8 26.Nb3 Ra7 27.Nxc5 Qxc5 28.Qxc5 Rxc5 29.e4 Ba6
30.Bf1 Rac7 31.Ra4 Kf8 32.f3 Ke7 33.Kf2 Rb7 34.Ke3 Rb3+ 35.Bd3 Rb4 36.Rxb4 axb4
37.Kd2 Ra5 38.Rc2 Rc5 39.Kc1 Ra5 40.Kb2 Ra3 41.Be2 Kd7 42.Kb1 Ke7 43.Ra2  1/2-1/2

[Event "Caissa IM June 2013"]
[Site "Kecskemet HUN"]
[Date "2013.06.23"]
[Round "10.1"]
[White "Li Bo"]
[Black "Gupta,B"]
[Result "1-0"]
[WhiteElo "2307"]
[BlackElo "2242"]

1.d4 Nf6 2.c4 e6 3.g3 Bb4+ 4.Bd2 Qe7 5.Bg2 Nc6 6.Nf3 Bxd2+ 7.Nbxd2 d6 8.O-O O-O
9.a3 a5 10.Nb1 e5 11.d5 Nb8 12.Nc3 Na6 13.Ne1 Bf5 14.e4 Bg4 15.f3 Bd7 16.Nd3 c6
17.Qd2 cxd5 18.cxd5 Rac8 19.h3 Nc5 20.Nxc5 Rxc5 21.Kh2 Rfc8 22.Rfc1 Be8 23.Ne2 Bb5
24.Rxc5 Rxc5 25.Rc1 Rxc1 26.Nxc1 Qc7 27.Nb3 b6 28.Na1 Nd7 29.Nc2 Nc5 30.Qc3 Na6
31.Qxc7 Nxc7 32.Ne3 Kf8 33.Kg1 a4 34.Kf2 g6 35.Ke1 Ke7 36.Kd2 Na6 37.Kc3 Kd7
38.h4 Kc7 39.Ng4 Kd8 40.h5 Ke7 41.Ne3 Kd8 42.h6 Be2 43.f4 exf4 44.gxf4 Nc5
45.Nc4 Bxc4 46.Kxc4 Kc7 47.e5 dxe5 48.fxe5 Kd7 49.Bh3+ Kc7 50.Kb5 Nd3 51.d6+ Kd8
52.e6 fxe6 53.Bxe6 Ne5 54.Kxa4 g5 55.Kb5 g4 56.b4 g3 57.Bh3 Nf7 58.Kxb6 Nxd6
59.a4 Nc4+ 60.Kb7 Nd6+ 61.Kb8 Nf5 62.a5 Nd4 63.a6 Nc6+ 64.Kb7 Nxb4 65.a7 g2
66.a8=Q+  1-0

[Event "TCh-MNE Prem 2013"]
[Site "Cetinje MNE"]
[Date "2013.06.24"]
[Round "1.1"]
[White "Geler,A"]
[Black "Kosic,D"]
[Result "0-1"]
[WhiteElo "2220"]
[BlackElo "2501"]

1.d4 Nf6 2.c4 e6 3.g3 Bb4+ 4.Bd2 a5 5.Bg2 O-O 6.Nf3 b6 7.Ne5 Ra7 8.O-O Bxd2
9.Nxd2 d6 10.Nd3 c5 11.dxc5 bxc5 12.a3  0-1

[Event "6th Karen Asrian Mem"]
[Site "Jermuk ARM"]
[Date "2013.06.24"]
[Round "9.1"]
[White "Aghasaryan,R"]
[Black "Hovhannisyan,R"]
[Result "1/2-1/2"]
[WhiteElo "2470"]
[BlackElo "2610"]

1.d4 Nf6 2.c4 e6 3.g3 Bb4+ 4.Nd2 O-O 5.Bg2 d5 6.Nf3 dxc4 7.Qc2 a5 8.Qxc4 b6
9.a3 Be7 10.Qc2 Bb7 11.O-O Nbd7 12.Rd1 a4 13.Ne5 Bxg2 14.Kxg2 Nxe5  1/2-1/2

[Event "7th Varna Open 2013"]
[Site "Varna BUL"]
[Date "2013.06.25"]
[Round "7.15"]
[White "Spassov,L"]
[Black "Krasovskiy,Kirill"]
[Result "1-0"]
[WhiteElo "2335"]
[BlackElo "2045"]

1.d4 e6 2.c4 Nf6 3.g3 Bb4+ 4.Bd2 Be7 5.Nf3 b6 6.Nc3 Bb7 7.Bg2 Ne4 8.O-O O-O
9.Qc2 Nxd2 10.Qxd2 d6 11.e4 Bf6 12.Rad1 g6 13.Rfe1 Qe7 14.h4 h5 15.Ng5 Bg7
16.f4 c5 17.dxc5 dxc5 18.e5 Bxg2 19.Qxg2 Na6 20.a3 Rad8 21.Nb5 Nb8 22.Qe4 Bh6
23.Nf3 Rxd1 24.Rxd1 a6 25.Nc3 Qc7 26.Qd3 Rc8 27.Ne4 Bf8 28.Nf6+ Kg7 29.Nxh5+ Kh8
30.Nf6 Be7 31.Ng5 Kg7 32.h5 Bxf6 33.exf6+ Kxf6 34.hxg6 fxg6 35.Nxe6 Qc6 36.Nd8 Qc7
37.Qc3+ Kf5 38.Rd5+ Kg4 39.Rg5+ Kh3 40.Qf3  1-0

[Event "TCh-MNE Prem 2013"]
[Site "Cetinje MNE"]
[Date "2013.06.26"]
[Round "3.3"]
[White "Vlatkovic,Milos"]
[Black "Drasko,M"]
[Result "1/2-1/2"]
[WhiteElo "2339"]
[BlackElo "2469"]

1.d4 e6 2.c4 Nf6 3.g3 Bb4+ 4.Bd2 a5 5.Bg2 d6 6.Nf3 Nbd7 7.O-O e5 8.Bc1 exd4
9.Nxd4 O-O 10.Nc2 Bc5 11.Nc3 Re8 12.b3 h6 13.Be3 Ng4 14.Bxc5 Nxc5 15.Qd4 Bd7
16.Rae1 Ne5  1/2-1/2

[Event "9th Prague Festival IM"]
[Site "Prague CZE"]
[Date "2013.06.26"]
[Round "5.1"]
[White "Kourousis,E"]
[Black "Straka,V"]
[Result "1-0"]
[WhiteElo "2391"]
[BlackElo "2336"]

1.d4 Nf6 2.c4 e6 3.g3 Bb4+ 4.Bd2 Qe7 5.Nf3 Nc6 6.Nc3 Bxc3 7.Bxc3 Ne4 8.Rc1 O-O
9.Bg2 d6 10.d5 Nxc3 11.Rxc3 Nb8 12.dxe6 fxe6 13.Nd4 c6 14.O-O Nd7 15.b4 a5
16.b5 e5 17.bxc6 exd4 18.cxb7 Bxb7 19.Bxb7 dxc3 20.Bxa8 Kh8 21.Bd5 Nb6 22.e3 Qc7
23.Qd4 Nxd5 24.Qxd5 Rc8 25.Rc1 Qxc4 26.Qxc4 Rxc4 27.Kf1 Kg8 28.Rc2 Ra4 29.Rxc3 Rxa2
30.Rd3 Ra1+ 31.Kg2 a4 32.Rxd6 Kf7 33.Kf3 a3 34.h4 Rb1 35.Ra6 Rb3 36.g4 h6
37.Ra7+ Kf6 38.Ra6+ Ke5 39.Ra7 Kf6 40.Kg3 Rc3 41.Ra5 Rb3 42.g5+ hxg5 43.hxg5+ Kg6
44.Kg4 Rb2 45.f4 a2 46.f5+ Kf7 47.Ra7+ Kf8 48.e4 Rf2 49.Kh5  1-0

[Event "Mukachevo Summer"]
[Site "Mukachevo UKR"]
[Date "2013.06.27"]
[Round "4.6"]
[White "Soroka,Danylo"]
[Black "Voitovich,V"]
[Result "0-1"]
[WhiteElo "2178"]
[BlackElo "2316"]

1.d4 Nf6 2.c4 e6 3.g3 Bb4+ 4.Nd2 d5 5.Bg2 O-O 6.Nf3 b6 7.O-O Bb7 8.cxd5 Bxd5
9.Qa4 Bxd2 10.Bxd2 Nbd7 11.Bf4 Re8 12.Rfd1 c5 13.Ne5 Bxg2 14.Kxg2 Nxe5 15.Bxe5 Qd7
16.Qxd7 Nxd7 17.Bd6 c4 18.e4 f5 19.f3 Nf6 20.exf5 exf5 21.Kf2 Kf7 22.Be5 Nd5
23.f4 g6 24.Kf3 Rac8 25.Rac1 Rc6 26.a3 Rec8 27.Rc2 b5 28.h3 a5 29.g4 a4 30.gxf5 gxf5
31.Rg1 Rg6 32.Rg5 Rxg5 33.fxg5 c3 34.Ke2 b4 35.axb4 cxb2 36.Rxb2 a3 37.Rb3 Ra8  0-1

[Event "8th Vladimir Dvorkovich Cup"]
[Site "Moscow RUS"]
[Date "2013.06.28"]
[Round "4.10"]
[White "Zeynalli,Miradil"]
[Black "Kumsiashvili,N"]
[Result "1-0"]
[WhiteElo "2166"]
[BlackElo "2142"]

1.d4 Nf6 2.c4 e6 3.g3 Bb4+ 4.Bd2 Bxd2+ 5.Qxd2 d5 6.Bg2 Nbd7 7.Nf3 c6 8.O-O O-O
9.Ne5 Nxe5 10.dxe5 Nd7 11.f4 Nb6 12.Na3 Qe7 13.Rac1 f6 14.exf6 Rxf6 15.e4 dxe4
16.Bxe4 Bd7 17.Rfe1 Qc5+ 18.Kh1 a5 19.Qd3 Rh6 20.Nb1 Qf2 21.h4 Qxb2 22.Nd2 Qf6
23.Rb1 Qd8 24.Qd4 Ra6 25.Nb3 Qc7 26.Nc5 Ra8 27.Nxb7 Qxb7 28.Rxb6 Qc7 29.Reb1 Ra7
30.Qc5 Kf7 31.Rb8 Be8 32.Kg1 Qe7 33.Qe5 Rc7  1-0

[Event "22nd Anderssen Mem Eliminacje"]
[Site "Wroclaw POL"]
[Date "2013.06.29"]
[Round "8"]
[White "Sabuk,P"]
[Black "Jaracz,P"]
[Result "1-0"]
[WhiteElo "2222"]
[BlackElo "2531"]

1.d4 Nf6 2.c4 e6 3.g3 Bb4+ 4.Bd2 Be7 5.Bg2 d5 6.Nf3 c6 7.O-O O-O 8.Qc2 b6
9.Rd1 Bb7 10.Bf4 Nbd7 11.Nc3 Rc8 12.Ne5 Nh5 13.Bc1 Qc7 14.Nxd7 Qxd7 15.Qa4 Nf6
16.cxd5 cxd5 17.Qxa7 b5 18.Bg5 Ra8 19.Qb6 Bc6 20.Bf4 b4 21.Nb1 g5 22.Be5 Ng4
23.h3 Nh6 24.g4 f6 25.Bh2 Rfc8 26.Nd2 Nf7 27.Nb3 e5 28.dxe5 fxe5 29.Rac1 Bd8
30.Qxb4 Ra4 31.Qd2 Rxa2 32.Rxc6 Rxc6 33.Bxd5 Bb6 34.Bxe5 Rg6 35.Qc2 Qe8 36.Bc3 Ra7
37.Nd4 Rd7 38.Nf5 Qb8 39.Qb3 Bc7 40.Bxf7+ Rxf7 41.Qxb8+ Bxb8 42.Rd8+ Rf8
43.Ne7+ Kf7  1-0

[Event "IsBank TCh-TUR 2013"]
[Site "Denizli TUR"]
[Date "2013.06.30"]
[Round "2.2"]
[White "Benidze,D"]
[Black "Arutinian,D"]
[Result "1/2-1/2"]
[WhiteElo "2495"]
[BlackElo "2543"]

1.d4 Nf6 2.c4 e6 3.g3 Bb4+ 4.Bd2 Be7 5.Bg2 d5 6.Nf3 O-O 7.O-O c6 8.Qc2 b6
9.Bf4 Bb7 10.Rd1 Nbd7 11.Nc3 dxc4 12.Ne5 Nd5 13.Nxc4 Nxf4 14.gxf4 Qc7 15.e3 Nf6
16.Ne5 c5 17.d5 exd5 18.Nxd5 Nxd5 19.Bxd5 Rad8 20.Bxb7 Qxb7 21.Rxd8 Rxd8
22.Rd1  1/2-1/2

[Event "Klatov Open A 2013"]
[Site "Klatovy CZE"]
[Date "2013.06.30"]
[Round "2.9"]
[White "Taborsky,R"]
[Black "Jacek,Mi"]
[Result "1-0"]
[WhiteElo "2260"]
[BlackElo "2056"]

1.d4 Nf6 2.c4 e6 3.g3 Bb4+ 4.Bd2 Bxd2+ 5.Qxd2 d5 6.Nf3 b6 7.Bg2 Bb7 8.cxd5 exd5
9.Qe3+ Qe7 10.Qxe7+ Kxe7 11.Nc3 Rd8 12.O-O Nbd7 13.Rfd1 Rac8 14.Ne5 Nf8 15.Rac1 c6
16.e3 Ne6 17.Nd3 Ne8 18.Nf4 Nxf4 19.gxf4 Nd6 20.b3 g6 21.Na4 f6 22.Bh3 Rb8
23.Bf1 Kf7 24.Nb2 Re8 25.Rc2 Nf5 26.Bh3 Ne7 27.Rdc1 Bc8 28.Bxc8 Rbxc8 29.Nd3 Ke6
30.b4 Kd7 31.a4 a6 32.a5 Rb8 33.Ra1 Kd6 34.axb6 Rxb6 35.Rca2 Ra8 36.Ra5 Nc8
37.R1a4 Rab8 38.Rxa6 Rb5 39.Ra8 Kc7 40.Rxb8 Rxb8 41.Nc5 Kd6 42.Kf1 h6 43.h4 g5
44.hxg5 hxg5 45.fxg5 fxg5 46.Ke2 Ke7 47.Nd3 Kf6 48.Ra6 Ne7 49.Ra7 Nf5 50.Rc7 Rb6
51.Kf3 Ne7 52.Kg4 Rb8 53.Ne5 Rxb4 54.Rxe7  1-0

[Event "4th AIMAG Men"]
[Site "Incheon KOR"]
[Date "2013.07.02"]
[Round "4.10"]
[White "Kananub,Warot"]
[Black "Megaranto,S"]
[Result "0-1"]
[WhiteElo "2169"]
[BlackElo "2524"]

1.d4 Nf6 2.c4 e6 3.g3 Bb4+ 4.Bd2 Qe7 5.Bg2 Nc6 6.Nf3 Bxd2+ 7.Nbxd2 d6 8.O-O O-O
9.Rc1 e5 10.d5 Nb8 11.e4 Bg4 12.b4 a5 13.a3 axb4 14.axb4 Na6 15.Qb3 c5 16.b5 Nb4
17.Ra1 Nd7 18.h3 Bxf3 19.Nxf3 Nb6 20.Rfd1 Rfd8 21.Ne1 Qf8 22.Nc2 Nxc2 23.Qxc2 Rxa1
24.Rxa1 Ra8 25.Ra2 Qb8 26.f4 Ra7 27.Bf1 Nd7 28.Qe2 Nf6 29.Bg2 Qa8 30.Rxa7 Qxa7
31.fxe5 Qa1+ 32.Kf2 Qxe5 33.Qe3 Nd7 34.Bf1 g6 35.Be2 Kg7 36.Bg4 Nf6 37.Bf3 Qb2+
38.Qe2 Qd4+ 39.Qe3 Nd7 40.Bg4 Ne5 41.Be2 Kf6 42.Bf1 Ke7 43.Be2 Kd8  0-1

[Event "41st TCh-GRE"]
[Site "Rio (Achaia) GRE"]
[Date "2013.07.02"]
[Round "1.9"]
[White "Kelires,Andreas"]
[Black "Grigoriadis,M"]
[Result "1-0"]
[WhiteElo "2087"]
[BlackElo "1914"]

1.d4 Nf6 2.c4 e6 3.g3 Bb4+ 4.Nd2 Nc6 5.Nf3 O-O 6.Bg2 d6 7.a3 Bxd2+ 8.Bxd2 e5
9.dxe5 dxe5 10.Bc3 Qe7 11.O-O Ne4 12.Be1 Rd8 13.Qc2 Nd6 14.c5 Nf5 15.e3 a5
16.b3 Be6 17.Rc1 f6 18.Nd2 Qd7 19.Be4 Nfe7 20.Qb2 Bh3 21.Bg2 Bxg2 22.Kxg2 Qd5+
23.Kg1 e4 24.Qb1 f5 25.Nc4 Ng6 26.Bc3 Qxc5 27.Nxa5 Nce5 28.Nxb7 Nf3+ 29.Kh1 Qb6
30.Nxd8 Rxd8 31.Qb2 Nf4 32.Bxg7 Rd7 33.Qf6 Rxg7 34.Qxb6 cxb6 35.exf4  1-0

[Event "Klatov Open A 2013"]
[Site "Klatovy CZE"]
[Date "2013.07.03"]
[Round "5.4"]
[White "Hausner,I"]
[Black "Routner,J"]
[Result "1-0"]
[WhiteElo "2387"]
[BlackElo "2132"]

1.d4 Nf6 2.c4 e6 3.g3 Bb4+ 4.Bd2 Qe7 5.Bg2 Nc6 6.Nf3 Bxd2+ 7.Nbxd2 O-O 8.O-O d6
9.e4 e5 10.d5 Nb8 11.Ne1 a5 12.b3 Na6 13.a3 Nc5 14.b4 axb4 15.axb4 Rxa1 16.Qxa1 Ncd7
17.Nd3 Nh5 18.c5 g6 19.Qa5 c6 20.cxd6 Qxd6 21.Nc4 Qf6 22.dxc6 Qxc6 23.Ndxe5 Nxe5
24.Nxe5 Qc3 25.Qc5 Qb3 26.Nc4 Nf6 27.Nd6 Be6 28.Qb6 Nd7 29.Qd4 Ra8 30.Rc1 Ra4
31.Ne8 Kf8 32.Rc8 Nb6 33.Qg7+ Ke7 34.Qf6+ Kf8 35.Rd8 Ra8 36.Nd6+ Rxd8 37.Qxd8+ Kg7
38.Qxb6 Qd1+ 39.Bf1 Bh3 40.Ne8+ Kg8 41.Qb5 Bxf1 42.Qxf1 Qd8 43.Qb5 Kf8 44.Qxb7 Qxe8
45.b5  1-0

[Event "41st TCh-GRE"]
[Site "Rio (Achaia) GRE"]
[Date "2013.07.04"]
[Round "3.3"]
[White "Galopoulos,N"]
[Black "Theodoulidis,T"]
[Result "1-0"]
[WhiteElo "2343"]
[BlackElo "2090"]

1.d4 Nf6 2.c4 e6 3.g3 Bb4+ 4.Nd2 c5 5.a3 Bxd2+ 6.Qxd2 cxd4 7.Qxd4 Nc6 8.Qh4 Qb6
9.Nf3 Na5 10.b4 Nb3 11.Be3 Nxa1 12.Bxb6 axb6 13.Bg2 Nc2+ 14.Kd2 Nxa3 15.Rc1 O-O
16.Ke1 Ra4 17.Qd4 d5 18.Ne5 dxc4 19.Qxb6 Nd5 20.Bxd5 exd5 21.f4 Bf5 22.Qxb7 Nc2+
23.Kf2 Nxb4 24.Qb5 Rfa8 25.Nxc4 dxc4 26.Qxf5 Na2 27.Rd1 g6 28.Qf6 c3 29.Rd7 Rf8
30.Rc7 Rb4 31.h4 h5 32.f5 Rg4 33.fxg6 Rxg6 34.Qf5 Kg7 35.Qa5 Rf6+ 36.Kg2 Rb8  1-0